000 00697nam a2200277Ia 4500
005 20260324120108.0
008 008 260324s9999 xx 000 0 eng d
020 _a9781003442783
037 _aEBOOK
040 _aCRL
040 _beng
040 _cCRL
041 _2eng
041 _aeng
084 _qCRL
100 _aKevin Kruger; Vicki L. Wise; Lisa J. Hatfield
_91157220
245 2 _aA Guide to Becoming a Scholarly Practitioner in Student Affairs
260 _bTaylor and Francis
260 _c2015
365 _a
365 _b230
856 _uhttp://www.taylorfrancis.com/books/9781003442783
942 _cEBOOK
999 _c1748550
_d1748550